OPERATING ROOM TECHNIQUE & ANESTHESIA FOR GENERAL NURSING COURSE (Record no. 2089)

MARC details
000 -LEADER
fixed length control field 00373nam a2200145Ia 4500
008 - FIXED-LENGTH DATA ELEMENTS--GENERAL INFORMATION
fixed length control field 150201s2010 xx 000 0 und d
082 ## - DEWEY DECIMAL CLASSIFICATION NUMBER
Classification number 617
Item number O10T
100 ## - MAIN ENTRY--PERSONAL NAME
Personal name THRESYAMMA , CP.
245 ## - TITLE STATEMENT
Title OPERATING ROOM TECHNIQUE & ANESTHESIA FOR GENERAL NURSING COURSE
250 ## - EDITION STATEMENT
Edition statement 3RD
260 ## - PUBLICATION, DISTRIBUTION, ETC. (IMPRINT)
Name of publisher, distributor, etc. JAYPEE
Place of publication, distribution, etc. DELHI
Date of publication, distribution, etc. 2010
300 ## - PHYSICAL DESCRIPTION
Extent 203
650 ## - SUBJECT ADDED ENTRY--TOPICAL TERM
Topical term or geographic name as entry element SURGERY
942 ## - ADDED ENTRY ELEMENTS (KOHA)
Source of classification or shelving scheme Dewey Decimal Classification
Koha item type Books
Koha issues (borrowed), all copies 6
Holdings
Withdrawn status Lost status Source of classification or shelving scheme Damaged status Not for loan Collection code Home library Current library Shelving location Date acquired Source of acquisition Cost, normal purchase price SGTU Bill Number Total Checkouts Full call number Barcode Date last seen Bill Date Koha item type Date last checked out
    Dewey Decimal Classification     NURSING SGT Medical Library SGT Medical Library Text Book 28/01/2013 NBM DELHI 195.00 SGTU 1345   617 O10T FN821 09/02/2015 28/01/2013 Books  
    Dewey Decimal Classification     NURSING SGT Medical Library SGT Medical Library Text Book 28/01/2013 NBM DELHI 195.00 SGTU 1345 3 617 O10T FN822 11/11/2022 28/01/2013 Books 11/11/2022
    Dewey Decimal Classification     NURSING SGT Medical Library SGT Medical Library Text Book 28/01/2013 NBM DELHI 195.00 SGTU 1345 1 617 O10T FN823 16/08/2021 28/01/2013 Books 13/08/2021
    Dewey Decimal Classification     NURSING SGT Medical Library SGT Medical Library Text Book 28/01/2013 NBM DELHI 195.00 SGTU 1345 4 617 O10T FN824 25/10/2022 28/01/2013 Books 17/10/2022
    Dewey Decimal Classification     NURSING SGT Medical Library SGT Medical Library Text Book 28/01/2013 NBM DELHI 195.00 SGTU 1345 6 617 O10T FN825 06/10/2022 28/01/2013 Books 01/10/2022